Klicke die Kombinationen! - Statistiken

Allgemein
  • Dieses Quiz wurde 193 mal gespielt
  • Das Durchschnittsergebnis liegt bei 79 aus 90
Antwortstatistiken
Hint Antwort % Korrekt
A3 A3
90%
A4 A4
90%
C3 C3
90%
E1 E1
90%
G4 G4
90%
J7 J7
90%
A1 A1
89%
A8 A8
89%
A9 A9
89%
B2 B2
89%
B6 B6
89%
B7 B7
89%
B8 B8
89%
B9 B9
89%
C7 C7
89%
C8 C8
89%
D2 D2
89%
D5 D5
89%
G1 G1
89%
G2 G2
89%
G3 G3
89%
G5 G5
89%
H1 H1
89%
H6 H6
89%
H8 H8
89%
H9 H9
89%
I2 I2
89%
I4 I4
89%
J2 J2
89%
A7 A7
88%
B5 B5
88%
C1 C1
88%
C4 C4
88%
C6 C6
88%
D8 D8
88%
F5 F5
88%
F7 F7
88%
G8 G8
88%
H3 H3
88%
I1 I1
88%
I6 I6
88%
I7 I7
88%
J5 J5
88%
J9 J9
88%
A2 A2
87%
A5 A5
87%
A6 A6
87%
B3 B3
87%
C5 C5
87%
C9 C9
87%
D1 D1
87%
D3 D3
87%
D4 D4
87%
D7 D7
87%
D9 D9
87%
E2 E2
87%
E4 E4
87%
E5 E5
87%
E6 E6
87%
E9 E9
87%
F1 F1
87%
F3 F3
87%
F4 F4
87%
F6 F6
87%
F8 F8
87%
G6 G6
87%
G7 G7
87%
H5 H5
87%
H7 H7
87%
I3 I3
87%
I5 I5
87%
I9 I9
87%
J1 J1
87%
J4 J4
87%
J8 J8
87%
C2 C2
86%
D6 D6
86%
E3 E3
86%
F2 F2
86%
F9 F9
86%
G9 G9
86%
H2 H2
86%
H4 H4
86%
I8 I8
86%
J3 J3
86%
B1 B1
85%
B4 B4
85%
E7 E7
84%
E8 E8
84%
J6 J6
84%
Keine übereinstimmenden Quizze gefunden
Verteilung der Resultate
Anzahl Personen mit jedem Resultat
Perzentil nach korrekt beantworteten Fragen
Ihre Resultats-Entwicklung
Sie haben dieses Quiz noch nicht gespielt